000 01481cam a22002891i 4500
003 OSt
005 20260217123112.0
008 260216s2018 ku g 000 0 ara c
040 _aSA-JeALM
_bara
_cSA-RiAUC
_erda
082 0 4 _a260
_qSA-RiAUC
090 _a260
_bز ر و
100 1 _aزروق، أحمد بن أحمد بن محمد،
_d846-899 هجري.
_eمؤلف.
245 1 0 _aشرح العلامة ابن زكري الفاسي المتوفي سنة 1144 هـ على قواعد التصوف للشيخ زروق المتوفي سنة 899 هـ /
_cاعتنى به ابو يحيى الحداد ، قرظ له طه الدسوقي حبيشي
250 _aالطبعة الاولى.
264 1 _aالقاهرة :
_bالمكتبة التوفيقية،
_c2013
300 _a424 صفحة
_c24 سم.
336 _aنص
_btxt
_2rdacontent
_3كتاب
337 _aبدون وسيط
_bn
_2rdamedia
338 _aمجلد
_bnc
_2rdacarrier
500 _aملاحظات من الشيخ رحمه الله في بداية الكتاب
650 7 _aالتصوف الإسلامي
_2aucsh
700 1 _aابو يحيى الحداد
_eمحقق.
700 1 2 _aزروق، أحمد بن أحمد بن محمد،
_d846-899 هجري
_iتحقيق لـ (عمل) :
_tقواعد التصوف.
700 _aابن زكريا الفاسي، أبو عبدالله محمد بن عبدالرحمن
_dتوفي 1144 هـ
_eشارح .
942 _2ddc
_cBOOK
_n0
949 _aSA-JeALM
_d260216
_uosman123
_n1
999 _c14353
_d14353